<?xml version="1.0" encoding="UTF-8"?>
<record
    xmlns:xsi="http://www.w3.org/2001/XMLSchema-instance"
    xsi:schemaLocation="http://www.loc.gov/MARC21/slim http://www.loc.gov/standards/marcxml/schema/MARC21slim.xsd"
    xmlns="http://www.loc.gov/MARC21/slim">

  <leader>00975nam a22002537a 4500</leader>
  <datafield tag="999" ind1=" " ind2=" ">
    <subfield code="c">93276</subfield>
    <subfield code="d">93276</subfield>
  </datafield>
  <controlfield tag="005">20211116175632.0</controlfield>
  <datafield tag="010" ind1=" " ind2=" ">
    <subfield code="a">ENG-112848         B-710606,  B-129110</subfield>
  </datafield>
  <datafield tag="020" ind1=" " ind2=" ">
    <subfield code="c">425.00</subfield>
    <subfield code="a">9788125057239</subfield>
  </datafield>
  <datafield tag="035" ind1=" " ind2=" ">
    <subfield code="a">EN-96380,b-129106</subfield>
  </datafield>
  <datafield tag="035" ind1=" " ind2=" ">
    <subfield code="a">B-710606</subfield>
  </datafield>
  <datafield tag="037" ind1=" " ind2=" ">
    <subfield code="b">DBAD/PUB</subfield>
  </datafield>
  <datafield tag="037" ind1=" " ind2=" ">
    <subfield code="b">RK Books</subfield>
  </datafield>
  <datafield tag="082" ind1=" " ind2=" ">
    <subfield code="a">954.085</subfield>
  </datafield>
  <datafield tag="100" ind1=" " ind2=" ">
    <subfield code="a">Bandyopadhyay, Sekhar </subfield>
  </datafield>
  <datafield tag="245" ind1=" " ind2=" ">
    <subfield code="a">From Plassey to partition and after:</subfield>
    <subfield code="c">by Sekhar Bandyopadhyay</subfield>
    <subfield code="b">a history of modern India /</subfield>
  </datafield>
  <datafield tag="250" ind1=" " ind2=" ">
    <subfield code="a">2nd ed.</subfield>
  </datafield>
  <datafield tag="260" ind1=" " ind2=" ">
    <subfield code="a">New Delhi</subfield>
    <subfield code="b">Orient BlackSwan</subfield>
    <subfield code="c">2017</subfield>
  </datafield>
  <datafield tag="270" ind1=" " ind2=" ">
    <subfield code="a">1/24, Asaf Ali Road, </subfield>
    <subfield code="b">New Delhi</subfield>
    <subfield code="e">110002</subfield>
  </datafield>
  <datafield tag="270" ind1=" " ind2=" ">
    <subfield code="a">3-6-752, Himayatnagar</subfield>
    <subfield code="b">Hyderabad</subfield>
    <subfield code="e">500029</subfield>
  </datafield>
  <datafield tag="300" ind1=" " ind2=" ">
    <subfield code="a">xxi, 586p.</subfield>
    <subfield code="c">22cm(pbk) </subfield>
  </datafield>
  <datafield tag="500" ind1=" " ind2=" ">
    <subfield code="a">Includes bibliographical references and index </subfield>
  </datafield>
  <datafield tag="942" ind1=" " ind2=" ">
    <subfield code="2">ddc</subfield>
    <subfield code="c">EN</subfield>
    <subfield code="m">BAN</subfield>
    <subfield code="h">954.085</subfield>
  </datafield>
  <datafield tag="952" ind1=" " ind2=" ">
    <subfield code="0">0</subfield>
    <subfield code="1">0</subfield>
    <subfield code="4">0</subfield>
    <subfield code="7">1</subfield>
    <subfield code="8">NFIC</subfield>
    <subfield code="a">DBAD</subfield>
    <subfield code="b">DBAD</subfield>
    <subfield code="d">2015-05-01</subfield>
    <subfield code="e">DBAD/PUB</subfield>
    <subfield code="g">395.00</subfield>
    <subfield code="l">0</subfield>
    <subfield code="o">954.085 BAN</subfield>
    <subfield code="p">EN-96380</subfield>
    <subfield code="r">2015-05-01 00:00:00</subfield>
    <subfield code="t">1</subfield>
    <subfield code="v">395.00</subfield>
    <subfield code="y">EN</subfield>
  </datafield>
  <datafield tag="952" ind1=" " ind2=" ">
    <subfield code="0">0</subfield>
    <subfield code="1">0</subfield>
    <subfield code="4">0</subfield>
    <subfield code="7">0</subfield>
    <subfield code="8">NFIC</subfield>
    <subfield code="a">TN</subfield>
    <subfield code="b">TN</subfield>
    <subfield code="d">2018-07-26</subfield>
    <subfield code="e">BPPD/pub</subfield>
    <subfield code="g">250.00</subfield>
    <subfield code="l">10</subfield>
    <subfield code="m">14</subfield>
    <subfield code="o">954.085 BAN</subfield>
    <subfield code="p">b-129106</subfield>
    <subfield code="r">2024-11-12 00:00:00</subfield>
    <subfield code="s">2024-10-08</subfield>
    <subfield code="v">225.00</subfield>
    <subfield code="w">2018-07-26</subfield>
    <subfield code="y">EN</subfield>
  </datafield>
  <datafield tag="952" ind1=" " ind2=" ">
    <subfield code="0">0</subfield>
    <subfield code="1">0</subfield>
    <subfield code="4">0</subfield>
    <subfield code="7">0</subfield>
    <subfield code="8">NFIC</subfield>
    <subfield code="a">BL1</subfield>
    <subfield code="b">BL1</subfield>
    <subfield code="d">2018-10-22</subfield>
    <subfield code="e">RK Books/IN1915/18-19/13-10-18/532/04-10-18/15-10-18</subfield>
    <subfield code="g">425.00</subfield>
    <subfield code="l">9</subfield>
    <subfield code="m">7</subfield>
    <subfield code="o">954.085 BAN</subfield>
    <subfield code="p">B-710606</subfield>
    <subfield code="r">2023-10-11 00:00:00</subfield>
    <subfield code="s">2023-08-30</subfield>
    <subfield code="t">1</subfield>
    <subfield code="v">425.00</subfield>
    <subfield code="w">2018-10-22</subfield>
    <subfield code="y">EN</subfield>
  </datafield>
  <datafield tag="952" ind1=" " ind2=" ">
    <subfield code="0">0</subfield>
    <subfield code="1">0</subfield>
    <subfield code="4">0</subfield>
    <subfield code="7">0</subfield>
    <subfield code="8">NFIC</subfield>
    <subfield code="a">RKP</subfield>
    <subfield code="b">RKP</subfield>
    <subfield code="d">2021-11-16</subfield>
    <subfield code="g">250.00</subfield>
    <subfield code="l">3</subfield>
    <subfield code="m">3</subfield>
    <subfield code="o">954.085 BAN</subfield>
    <subfield code="p">B-129110</subfield>
    <subfield code="r">2023-01-10 00:00:00</subfield>
    <subfield code="s">2022-11-23</subfield>
    <subfield code="t">1</subfield>
    <subfield code="v">250.00</subfield>
    <subfield code="w">2021-11-16</subfield>
    <subfield code="y">EN</subfield>
  </datafield>
</record>
